Plus grandes villes françaises commençant par la lettre B - Statistiques

Statistiques générales
  • Ce quiz a été pris 133 fois
    91 depuis la dernière actualisation
  • Le résultat moyen est 9 sur 19
Statistiques - réponses
Population Réponse % Correct
262k Bordeaux
92%
140k Brest
72%
119k Besançon
66%
120k Boulogne-Billancourt
66%
41k Boulogne-sur-Mer
66%
53k Bayonne
64%
42k Bourg-en-Bresse
61%
64k Bourges
50%
49k Bastia
45%
80k Béziers
38%
47k Blois
34%
47k Brive-la-Gaillarde
34%
57k Beauvais
29%
55k Bobigny
29%
45k Belfort
28%
53k Bondy
24%
39k Bagnolet
22%
44k Bagneux
21%
43k Bron
17%
Aucun quiz correspondant
Distribution des résultats
% des personnes avec chaque résultat
Percentile par nombre de réponses
Votre historique - résultats
Vous n’avez pas pris ce quiz depuis la dernière actualisation